000 00467nam a2200145 4500
999 _c513008
_d513008
008 200108b ||||| |||| 00| 0 eng d
100 _aSingh, Mahesh Kumar
_915225
245 _aBharat mei ganthabandhan ki rajniti: Atit, vartmaan, bhavishye
260 _bLok Prashasan
300 _a11(2), Jul-Dec, 2019: p.205-211.
650 _aIndia - Politics and government
_915226
773 _aLok Prashasan
906 _aCoalition government - India
942 _2ddc
_cAR